000 00735nas a2200265 4500
001 BR9505573
003 BR-BrBNA
005 20231205094444.0
007 ta
008 230509b bl.|||p| |||| 00| 00por d
040 _aBR-BrBNA
_bpor
_cBiblioteca Nacional de Agricultura
041 _a(Pt)
072 _aF01; H20
100 1 _aMarcilio Junior, J.
245 1 _aO algodao moco
650 _aAlgodao Moco
650 _aPlantio
650 _aPratica Cultural
650 _aPraga de Planta
650 _aBroca
650 _aRegiao Nordeste
773 0 _tChacaras e Quintais. Agricultura e Pecuaria (Brazil)
_x
_g(Aug 1969), v. 60(716) p. 4-11
_wBR9505573
909 _a202311
_bLúcia
_c55
_dLúcia Elande
942 _2AGRIS
_n0
_cANA
999 _c144439
_d144439